[Event "Padova op-A 12th"]
[Site "Padova"]
[Date "2009.12.14"]
[Round "3.18"]
[White "De Vito, Angelo"]
[Black "Fracasso Pezzolato, Michele"]
[Result "0-1"]
[WhiteElo "1440"]
[BlackElo "1832"]
[PlyCount "64"]
[EventDate "2009.12.13"]
[EventType "swiss"]
[EventRounds "9"]
[EventCountry "ITA"]
[SourceTitle "EXT 2024"]
[Source "ChessBase"]
[SourceDate "2023.10.10"]
[SourceVersion "1"]
[SourceVersionDate "2023.10.10"]
[SourceQuality "1"]

1. e4 e5 2. Nf3 d6 3. Bc4 Be7 4. 0-0 Nf6 5. Re1 Nc6 6. c3 Be6 7. Bxe6 fxe6 8. d4 exd4 9. cxd4 0-0 10. Nc3 d5 11. e5 Ng4 12. h3 Nh6 13. Bxh6 gxh6 14. Qd2 Bg5 15. Qe2 Qe7 16. Rad1 Rf4 17. Nxg5 Nxd4 18. Qh5 hxg5 19. Rd3 Rh4 20. Qd1 Nf5 21. Nxd5 exd5 22. Rxd5 Rf8 23. e6 Nd6 24. Qd3 Rhf4 25. Qg3 Ne4 26. Rxe4 Rxe4 27. Rxg5+ Kh8 28. Qc3+ Rf6 29. Qg3 Rg6 30. Qc3+ Qg7 31. Rxg6 Qxc3 32. bxc3 hxg6 0-1